Pokémon - Les attaques de Fulgudog - Statistiques

Statistiques générales
  • Ce quiz a été pris 24 fois
  • Le résultat moyen est 10 sur 13
Statistiques - réponses
Niveaux Types Noms des attaques % Correct
Niveau 55 Fée Câlinerie
100%
Départ Normal Charge
100%
Départ Électrique Frotte-Frimousse
100%
Niveau 34 Ténèbres Mâchouille
100%
Départ Ténèbres Morsure
100%
Niveau 48 Électrique Éclair Fou
85%
Départ Normal Mimi-Queue
85%
Niveau 28 Fée Charme
77%
Niveau 20 Électrique Étincelle
69%
Niveau 41 Électrique Chargeur
62%
Niveau 62 Électrique Champ Électrifié
46%
Niveau 15 Normal Hurlement
46%
Départ Électrique Électrisation
23%
Aucun quiz correspondant
Distribution des résultats
% des personnes avec chaque résultat
Percentile par nombre de réponses
Votre historique - résultats
Vous n’avez pas pris ce quiz